000 00602ntaaa2200217 4500
003 01
005 20251027202114.0
008 0714s1973 ag 01
020 _a0311430422
040 _aAR-BaBN
_bspa
_cAR-BaBN
_eaacr
_dRIC
082 _a252.1000 B65f
245 _aBosquejos de sermones para bodas y funerales
250 _a1 ed.
260 _aEl Paso :
_bCasa Bautista de Publicaciones,
_c1990
300 _a112 p ;
_c21 cm
650 _asermones-bosquejos
650 _afunebres-sermones
_919516
650 _acasamientos-sermones
_919517
700 _aMartinez, Jose Luis
_94641
942 _cBK
999 _c15906
_d15906